LEADER 00792nam a2200205 i 4500 001 000000200513 003 CaOOAMICUS 005 20110411000000.0 008 110411n it u000 u ita u 013 $a179213 040 $aSeMil$bita 100 1 $aAzione Cattolica : Settore Giovani.$0(OLS)http://semarc/name/11006 245 10$aCustodire la Croce :$bitinerario formativo /$cAzione Cattolica, Settore Giovani. 260 $aMilano :$bIn Dialogo,$c[1988] 300 $a63 p. ;$c21 cm. 850 $aSeMil 852 $aSeMil$W1$xVenegono$y1$m5D IX 15/18$j151042$B151042$CSeMilBibl$Z2$F162345 $81 961 $aOmaggio: Altro 996 $6245$aCustodire la Croce :$bitinerario formativo$9(OLS)http://semarc/title/289962 996 $6260$aMilano :$bIn Dialogo$9(OLS)http://semarc/publisher/31663 LEADER 01096nam a2200205 i 4500 001 000000023502 003 CaOOAMICUS 005 20180830125446.0 008 180830s1968 fr u000 u und u 040 $aSeMil$bita 100 1 $aMassaut, Jean-Pierre.$0(OLS)http://semarc/name/10475 245 10$aJosse Clichtove, l'humanisme et la réforme du clergé /$cJean-Pierre Massaut. 260 $aParis :$bLes Belles Lettres,$c1968. 300 $a2 v. ;$c26 cm. 600 14$aClichtove, Josse : van .$0(OLS)http://semarc/subject/3664 773 0 $tBibliothèque de la Faculté de philosophie et lettres de l'Université de Liège.$dParis : Les Belles Lettres, [195?]$w()18737 774 0 $tTome 1.$kBibliothèque de la Faculté de philosophie et lettres de l'Université de Liège$g1$w()190874 774 0 $tTome 2.$kBibliothèque de la Faculté de philosophie et lettres de l'Université de Liège$g2$w()190875 996 $6245$aJosse Clichtove, l'humanisme et la réforme du clergé$9(OLS)http://semarc/title/31512 996 $6260$aParis :$bLes Belles Lettres$9(OLS)http://semarc/publisher/30422